<?xml version="1.0" encoding="UTF-8"?>
<collection xmlns="http://www.loc.gov/MARC21/slim">
 <record>
  <leader>01604cgm a2200373 a 4500</leader>
  <controlfield tag="001">0025836 </controlfield>
  <controlfield tag="003">BD-DhAAL</controlfield>
  <controlfield tag="005">20251007124729.0</controlfield>
  <controlfield tag="007">vd cvaizk</controlfield>
  <controlfield tag="008">120829p        ko nnn            vlmul d </controlfield>
  <datafield tag="024" ind1="1" ind2=" ">
   <subfield code="a">8809246770867</subfield>
  </datafield>
  <datafield tag="040" ind1=" " ind2=" ">
   <subfield code="a">BD-DhAAL</subfield>
   <subfield code="c">BD-DhAAL</subfield>
  </datafield>
  <datafield tag="041" ind1=" " ind2=" ">
   <subfield code="a">kor</subfield>
   <subfield code="b">eng</subfield>
  </datafield>
  <datafield tag="082" ind1="0" ind2="0">
   <subfield code="a">791.43</subfield>
   <subfield code="2">22</subfield>
  </datafield>
  <datafield tag="245" ind1="1" ind2="0">
   <subfield code="6">880-01</subfield>
   <subfield code="a">Mianhada, saranghanda</subfield>
   <subfield code="h">[videorecording] =</subfield>
   <subfield code="b">Sorry, I love you.</subfield>
   <subfield code="n">Part C /</subfield>
   <subfield code="c">Chi-sŏp So, Su-jŏng Im, Kyŏng-ho Chŏng, Chi-yŏng Sŏ.</subfield>
  </datafield>
  <datafield tag="246" ind1="3" ind2="1">
   <subfield code="a">Dui bu qi, wo ai ni</subfield>
  </datafield>
  <datafield tag="260" ind1=" " ind2=" ">
   <subfield code="a">Taibei Shi :</subfield>
   <subfield code="b">Han yu guo ji shi ye you xian gong si zhi zuo fa xing ;</subfield>
   <subfield code="b">Fang lian ke ji gu fen you xian gong si zu jing xiao,</subfield>
   <subfield code="c">[200-?].</subfield>
  </datafield>
  <datafield tag="300" ind1=" " ind2=" ">
   <subfield code="a">2 videodiscs (DVD) :</subfield>
   <subfield code="b">sd., col. ;</subfield>
   <subfield code="c">4 3/4 in.</subfield>
  </datafield>
  <datafield tag="500" ind1=" " ind2=" ">
   <subfield code="a">Title in Korean: Mian hada sarang handa</subfield>
  </datafield>
  <datafield tag="500" ind1=" " ind2=" ">
   <subfield code="a">This TV series tells one of abandoned children suffering life's heartbreaking story.</subfield>
  </datafield>
  <datafield tag="538" ind1=" " ind2=" ">
   <subfield code="a">DVD; Dolby Digital; NTSC.</subfield>
  </datafield>
  <datafield tag="541" ind1="1" ind2=" ">
   <subfield code="e">00025836</subfield>
  </datafield>
  <datafield tag="546" ind1=" " ind2=" ">
   <subfield code="a">In Mandarin Chinese with Chinese subtitles.</subfield>
  </datafield>
  <datafield tag="650" ind1=" " ind2="0">
   <subfield code="a">Motion picture</subfield>
   <subfield code="x">DVD special features.</subfield>
   <subfield code="9">4969</subfield>
  </datafield>
  <datafield tag="650" ind1=" " ind2="0">
   <subfield code="a">Mothers and sons</subfield>
   <subfield code="z">Korea (South)</subfield>
   <subfield code="x">Drama.</subfield>
   <subfield code="9">4970</subfield>
  </datafield>
  <datafield tag="700" ind1="1" ind2=" ">
   <subfield code="a">So, Chi-sŏp</subfield>
   <subfield code="9">4971</subfield>
  </datafield>
  <datafield tag="700" ind1="1" ind2=" ">
   <subfield code="a">Im, Su-jŏng </subfield>
   <subfield code="9">4972</subfield>
  </datafield>
  <datafield tag="700" ind1="1" ind2=" ">
   <subfield code="a">Chŏng, Kyŏng-ho </subfield>
   <subfield code="9">4973</subfield>
  </datafield>
  <datafield tag="700" ind1="1" ind2=" ">
   <subfield code="a">Sŏ, Chi-yŏng </subfield>
   <subfield code="9">4974</subfield>
  </datafield>
  <datafield tag="852" ind1="4" ind2=" ">
   <subfield code="a">Ayesha Abed Library</subfield>
  </datafield>
  <datafield tag="880" ind1=" " ind2=" ">
   <subfield code="6">245-01</subfield>
   <subfield code="a">미안하다, 사랑한다</subfield>
   <subfield code="h">[videorecording] =</subfield>
   <subfield code="b">Sorry, I love you.</subfield>
   <subfield code="n">Part C.</subfield>
  </datafield>
  <datafield tag="942" ind1=" " ind2=" ">
   <subfield code="2">ddc</subfield>
   <subfield code="c">AV</subfield>
  </datafield>
  <datafield tag="999" ind1=" " ind2=" ">
   <subfield code="c">12795</subfield>
   <subfield code="d">12795</subfield>
  </datafield>
  <datafield tag="952" ind1=" " ind2=" ">
   <subfield code="0">0</subfield>
   <subfield code="1">0</subfield>
   <subfield code="2">ddc</subfield>
   <subfield code="4">0</subfield>
   <subfield code="6">791_430000000000000_MIA</subfield>
   <subfield code="7">0</subfield>
   <subfield code="9">21063</subfield>
   <subfield code="a">BRACUL</subfield>
   <subfield code="b">BRACUL</subfield>
   <subfield code="c">AV</subfield>
   <subfield code="d">2012-08-28</subfield>
   <subfield code="e">BIL</subfield>
   <subfield code="g">1.00</subfield>
   <subfield code="l">0</subfield>
   <subfield code="o">791.43 MIA</subfield>
   <subfield code="p">4010025836</subfield>
   <subfield code="r">2012-09-04</subfield>
   <subfield code="t">1</subfield>
   <subfield code="w">2012-08-28</subfield>
   <subfield code="y">AV</subfield>
  </datafield>
 </record>
</collection>
